<?xml version="1.0" encoding="UTF-8"?>
<record
    xmlns:xsi="http://www.w3.org/2001/XMLSchema-instance"
    xsi:schemaLocation="http://www.loc.gov/MARC21/slim http://www.loc.gov/standards/marcxml/schema/MARC21slim.xsd"
    xmlns="http://www.loc.gov/MARC21/slim">

  <leader>01054nam a2200289 i 4500</leader>
  <controlfield tag="003">OSt</controlfield>
  <controlfield tag="005">20240227173756.0</controlfield>
  <controlfield tag="008">240227s2023    my ao  gr     000 0 may d</controlfield>
  <datafield tag="020" ind1=" " ind2=" ">
    <subfield code="a">9789672680970</subfield>
    <subfield code="q">paperback</subfield>
    <subfield code="c">RM 21.00</subfield>
  </datafield>
  <datafield tag="040" ind1=" " ind2=" ">
    <subfield code="a">PPAK</subfield>
    <subfield code="b">eng</subfield>
    <subfield code="c">PPAK</subfield>
    <subfield code="d">rda</subfield>
  </datafield>
  <datafield tag="082" ind1="0" ind2="4">
    <subfield code="a">808.882</subfield>
    <subfield code="2">23</subfield>
  </datafield>
  <datafield tag="090" ind1="0" ind2="0">
    <subfield code="a">808.882</subfield>
    <subfield code="b">ANA</subfield>
    <subfield code="d">G</subfield>
  </datafield>
  <datafield tag="245" ind1="0" ind2="0">
    <subfield code="a">anakku Ammar :</subfield>
    <subfield code="b">Perjuangan Kesedaran Autisme /</subfield>
    <subfield code="c">Penyelaras : Z.J ZALINA ; Selenggara &amp; Suntingan : Artchetak.</subfield>
  </datafield>
  <datafield tag="264" ind1=" " ind2="1">
    <subfield code="a">Kelana Jaya, Selangor :</subfield>
    <subfield code="b">FUDZAIL PUBLICATION,</subfield>
    <subfield code="c">2023.</subfield>
  </datafield>
  <datafield tag="300" ind1=" " ind2=" ">
    <subfield code="a">vi, 119 pages, 5 unnumbered pages  :</subfield>
    <subfield code="b">illustrations, photographs ; </subfield>
    <subfield code="c">23 cm</subfield>
  </datafield>
  <datafield tag="336" ind1=" " ind2=" ">
    <subfield code="a">text</subfield>
    <subfield code="2">rdacontent</subfield>
  </datafield>
  <datafield tag="336" ind1=" " ind2=" ">
    <subfield code="a">still image </subfield>
    <subfield code="2">rdacontent</subfield>
  </datafield>
  <datafield tag="337" ind1=" " ind2=" ">
    <subfield code="a">unmediated</subfield>
    <subfield code="2">rdamedia</subfield>
  </datafield>
  <datafield tag="338" ind1=" " ind2=" ">
    <subfield code="a">volume</subfield>
    <subfield code="2">rdacarrier</subfield>
  </datafield>
  <datafield tag="504" ind1=" " ind2=" ">
    <subfield code="a">Bibliography: page [124]</subfield>
  </datafield>
  <datafield tag="650" ind1="1" ind2="0">
    <subfield code="a">Parents of autistic children </subfield>
    <subfield code="v">Anecdotes</subfield>
  </datafield>
  <datafield tag="650" ind1="2" ind2="0">
    <subfield code="a">Autistic children</subfield>
    <subfield code="v">Anecdotes</subfield>
  </datafield>
  <datafield tag="650" ind1="2" ind2="0">
    <subfield code="a">Mothers of autistic children</subfield>
    <subfield code="v">Anecdotes</subfield>
  </datafield>
  <datafield tag="700" ind1="0" ind2=" ">
    <subfield code="a"> Z. J. Zalina,</subfield>
    <subfield code="e">editor.</subfield>
  </datafield>
  <datafield tag="710" ind1="2" ind2=" ">
    <subfield code="a">Artchetak,</subfield>
    <subfield code="e">editor.</subfield>
  </datafield>
  <datafield tag="942" ind1=" " ind2=" ">
    <subfield code="2">ddc</subfield>
    <subfield code="c">B</subfield>
  </datafield>
  <datafield tag="999" ind1=" " ind2=" ">
    <subfield code="c">195192</subfield>
    <subfield code="d">195192</subfield>
  </datafield>
  <datafield tag="952" ind1=" " ind2=" ">
    <subfield code="0">0</subfield>
    <subfield code="7">0</subfield>
    <subfield code="b">PPAK</subfield>
    <subfield code="c">G</subfield>
    <subfield code="d">2024-03-06</subfield>
    <subfield code="l">0</subfield>
    <subfield code="o">808.882 ANA</subfield>
    <subfield code="p">A01820228</subfield>
    <subfield code="r">2024-03-06 16:25:02</subfield>
    <subfield code="y">B</subfield>
  </datafield>
  <datafield tag="952" ind1=" " ind2=" ">
    <subfield code="0">0</subfield>
    <subfield code="7">0</subfield>
    <subfield code="b">SP</subfield>
    <subfield code="c">G</subfield>
    <subfield code="d">2024-03-06</subfield>
    <subfield code="l">0</subfield>
    <subfield code="o">808.882 ANA</subfield>
    <subfield code="p">A01820229</subfield>
    <subfield code="r">2024-03-06 16:25:02</subfield>
    <subfield code="y">B</subfield>
  </datafield>
  <datafield tag="952" ind1=" " ind2=" ">
    <subfield code="0">0</subfield>
    <subfield code="7">0</subfield>
    <subfield code="b">JT</subfield>
    <subfield code="c">G</subfield>
    <subfield code="d">2024-03-06</subfield>
    <subfield code="l">0</subfield>
    <subfield code="o">808.882 ANA</subfield>
    <subfield code="p">A01820230</subfield>
    <subfield code="r">2024-03-06 16:25:02</subfield>
    <subfield code="y">B</subfield>
  </datafield>
  <datafield tag="952" ind1=" " ind2=" ">
    <subfield code="0">0</subfield>
    <subfield code="7">0</subfield>
    <subfield code="b">LW</subfield>
    <subfield code="c">G</subfield>
    <subfield code="d">2024-03-06</subfield>
    <subfield code="l">0</subfield>
    <subfield code="o">808.882 ANA</subfield>
    <subfield code="p">A01820231</subfield>
    <subfield code="r">2024-03-06 16:25:02</subfield>
    <subfield code="y">B</subfield>
  </datafield>
  <datafield tag="952" ind1=" " ind2=" ">
    <subfield code="0">0</subfield>
    <subfield code="7">0</subfield>
    <subfield code="b">KM</subfield>
    <subfield code="c">G</subfield>
    <subfield code="d">2024-03-06</subfield>
    <subfield code="l">0</subfield>
    <subfield code="o">808.882 ANA</subfield>
    <subfield code="p">A01820232</subfield>
    <subfield code="r">2024-03-06 16:25:02</subfield>
    <subfield code="y">B</subfield>
  </datafield>
  <datafield tag="952" ind1=" " ind2=" ">
    <subfield code="0">0</subfield>
    <subfield code="7">0</subfield>
    <subfield code="b">BL</subfield>
    <subfield code="c">G</subfield>
    <subfield code="d">2024-03-06</subfield>
    <subfield code="l">0</subfield>
    <subfield code="o">808.882 ANA</subfield>
    <subfield code="p">A01820233</subfield>
    <subfield code="r">2024-03-06 16:25:02</subfield>
    <subfield code="y">B</subfield>
  </datafield>
  <datafield tag="952" ind1=" " ind2=" ">
    <subfield code="0">0</subfield>
    <subfield code="7">0</subfield>
    <subfield code="b">MR</subfield>
    <subfield code="c">G</subfield>
    <subfield code="d">2024-03-06</subfield>
    <subfield code="l">0</subfield>
    <subfield code="o">808.882 ANA</subfield>
    <subfield code="p">A01820235</subfield>
    <subfield code="r">2024-03-06 16:25:02</subfield>
    <subfield code="y">B</subfield>
  </datafield>
  <datafield tag="952" ind1=" " ind2=" ">
    <subfield code="0">0</subfield>
    <subfield code="7">0</subfield>
    <subfield code="b">YN</subfield>
    <subfield code="c">G</subfield>
    <subfield code="d">2024-03-06</subfield>
    <subfield code="l">0</subfield>
    <subfield code="o">808.882 ANA</subfield>
    <subfield code="p">A01820236</subfield>
    <subfield code="r">2024-03-06 16:25:02</subfield>
    <subfield code="y">B</subfield>
  </datafield>
  <datafield tag="952" ind1=" " ind2=" ">
    <subfield code="0">0</subfield>
    <subfield code="7">0</subfield>
    <subfield code="b">SK</subfield>
    <subfield code="c">G</subfield>
    <subfield code="d">2024-03-06</subfield>
    <subfield code="l">0</subfield>
    <subfield code="o">808.882 ANA</subfield>
    <subfield code="p">A01820237</subfield>
    <subfield code="r">2024-03-06 16:25:02</subfield>
    <subfield code="y">B</subfield>
  </datafield>
  <datafield tag="952" ind1=" " ind2=" ">
    <subfield code="0">0</subfield>
    <subfield code="7">0</subfield>
    <subfield code="b">KN</subfield>
    <subfield code="c">G</subfield>
    <subfield code="d">2024-03-06</subfield>
    <subfield code="l">0</subfield>
    <subfield code="o">808.882 ANA</subfield>
    <subfield code="p">A01820238</subfield>
    <subfield code="r">2024-03-06 16:25:02</subfield>
    <subfield code="y">B</subfield>
  </datafield>
  <datafield tag="952" ind1=" " ind2=" ">
    <subfield code="0">0</subfield>
    <subfield code="7">0</subfield>
    <subfield code="b">PG</subfield>
    <subfield code="c">G</subfield>
    <subfield code="d">2024-03-06</subfield>
    <subfield code="l">0</subfield>
    <subfield code="o">808.882 ANA</subfield>
    <subfield code="p">A01820239</subfield>
    <subfield code="r">2024-03-06 16:25:02</subfield>
    <subfield code="y">B</subfield>
  </datafield>
</record>
